A discourse analysis of advertisements of fashion in clothing in English and Vietnamese
Introduction; Literature review and theoretical background; Methods and procedures; ...
Kaydedildi:
| Yazar: | |
|---|---|
| Diğer Yazarlar: | |
| Materyal Türü: | Bilinmiyor |
| Dil: | English |
| Baskı/Yayın Bilgisi: |
Da Nang :
The University of Da Nang,
2014.
|
| Konular: | |
| Etiketler: |
Etiketle
Etiket eklenmemiş, İlk siz ekleyin!
|
| Thư viện lưu trữ: | Mạng thư viện Đại học Đà Nẵng |
|---|
| LEADER | 02889na a2200373 4500 | ||
|---|---|---|---|
| 001 | 000032954 | ||
| 003 | 9079 | ||
| 005 | 20230526092454.0 | ||
| 008 | 151009s2014 000 eng | ||
| 040 | |a LNN | ||
| 041 | |a eng | ||
| 082 | |a 420.65 |b TR-TR | ||
| 100 | |a Trịnh Thị Minh Trang | ||
| 245 | 1 | 3 | |a A discourse analysis of advertisements of fashion in clothing in English and Vietnamese |h [Thesis-Luận văn thạc sĩ] / |c Trinh Thi Minh Trang ; Nguyen Van Long hướng dẫn. |
| 260 | |a Da Nang : |b The University of Da Nang, |c 2014. | ||
| 300 | |a vi, 93, 20 p. ; |c 29 cm + 1 summary. | ||
| 500 | |a Includes references (p. 89-93) and appendixes . | ||
| 500 | |a Master thesis of arts in social sciences and humanities. Field: The English language. Code: 60.22.15. | ||
| 520 | 3 | |a Introduction; Literature review and theoretical background; Methods and procedures; ... | |
| 630 | 0 | 4 | |a English language. |
| 700 | 1 | |a Nguyen Van Long, |c Ph.D., |e Supervisor. | |
| OWN | |a LNN | ||
| AVA | |a UDN50 |b LNN |c English |d 420.65 TR-TR |e available |t Error 5001 Not defined in file expand_doc_bib_avail. |f 1 |g 0 |h N |i 0 |j AN |k 1 | ||
| Z40 | 3 | |y A discourse analysis of advertisements of fashion in clothing in English and Vietnamese |l Library of UFL |t VIEW |x http://catalog.udn.vn:80/F?func=service&doc_library=UDN01&local_base=UDN01&doc_number=000032954&sequence=000001&line_number=0001&func_code=DB_RECORDS&service_type=MEDIA |f TOMTATMINHTRANGNEW_000024574.pdf |e pdf |s 000249147 |k 20230526 |m NTMTHI | |
| Z40 | 3 | |y A discourse analysis of advertisements of fashion in clothing in English and Vietnamese |l Library of UFL |t VIEW |x http://catalog.udn.vn:80/F?func=service&doc_library=UDN01&local_base=UDN01&doc_number=000032954&sequence=000002&line_number=0002&func_code=DB_RECORDS&service_type=MEDIA |f LUANVANMINHTRANG_000024576.pdf |e pdf |s 005387433 |k 20230526 |m NTMTHI | |
| 999 | |a From the UDN01 | ||
| AVA | |a UDN50 |b LNN |c English |d 420.65 TR-TR |e available |t Error 5001 Not defined in file expand_doc_bib_avail. |f 1 |g 0 |h N |i 0 |j AN |k 1 | ||
| TYP | |a Printed language | ||
| 856 | |y A discourse analysis of advertisements of fashion in clothing in English and Vietnamese |l Library of UFL |t VIEW |x http://catalog.udn.vn:80/F?func=service&doc_library=UDN01&local_base=UDN01&doc_number=000032954&sequence=000001&line_number=0001&func_code=DB_RECORDS&service_type=MEDIA |f TOMTATMINHTRANGNEW_000024574.pdf |e pdf |s 000249147 |k 20230526 |m NTMTHI | ||
| 856 | |y A discourse analysis of advertisements of fashion in clothing in English and Vietnamese |l Library of UFL |t VIEW |x http://catalog.udn.vn:80/F?func=service&doc_library=UDN01&local_base=UDN01&doc_number=000032954&sequence=000002&line_number=0002&func_code=DB_RECORDS&service_type=MEDIA |f LUANVANMINHTRANG_000024576.pdf |e pdf |s 005387433 |k 20230526 |m NTMTHI | ||
| 980 | |a Mạng thư viện Đại học Đà Nẵng | ||